| 000 | 01518nas a2200277Ia 4500 | ||
|---|---|---|---|
| 001 | R052-S6107 | ||
| 003 | IT-CnALBA | ||
| 008 | 170116c99999999xx |||||||||||| ||und|| | ||
| 040 |
_aIT-CnALBA _cIT-CnALBA |
||
| 041 | _aITALIANO | ||
| 100 | _aSEQUERI PIERANGELO | ||
| 210 | _aLA RIVISTA DEL CLERO ITALIANO | ||
| 222 | _aLA RIVISTA DEL CLERO ITALIANO | ||
| 245 | 0 | _aLA RIVISTA DEL CLERO ITALIANO. MAGGIO 2000. | |
| 250 | _a1a ed. | ||
| 260 |
_aMILANO _bVITA E PENSIERO. SOCIETÀ EDITRICE _c2000 [1° Ed.:2000 - Ed.Ling.Originale: 2000] |
||
| 300 | _a80 p. | ||
| 310 | _aMENSILE | ||
| 362 | _aFascicolo: 5 / Anno: 81 (2000) | ||
| 500 | _aLA BIBBIA E I DIRITTI DELL'UOMO. SPERANZA DELLA CREAZIONE. IL TEMPO. IL RITO. LA LEGGE. CULTO E MORALE DELLA TRADIZIONE MOSAICA. ABRAMO LEVI. SENTIRE CUM ECCLESIA. IL MINISTERO EPISCOPALE DI A. ROMERO. ARDUSSO F. IL PERDONO DEL PAPA. BOLLIS E. IL PROFILO SPIRITUALE DEL PREDICATORE. SERENTHÀ M. PRESENZA DEL REGNO. TEMPO ORDINARIO. | ||
| 501 | _aSocietà San Paolo EM - Piazza San Paolo, 14 - 12051 ALBA (CN) (non commercial uses only) ® Copyright 2017 | ||
| 520 | _aLA BIBBIA E I DIRITTI DELL'UOMO. SPERANZA DELLA CREAZIONE. IL TEMPO. IL RITO. LA LEGGE. CULTO E MORALE DELLA TRADIZIONE MOSAICA. ABRAMO LEVI. SENTIRE CUM ECCLESIA. IL MINISTERO EPISCOPALE DI A. ROMERO. ARDUSSO F. IL PERDONO DEL PAPA. BOLLIS E. IL PROFILO SPIRITUALE DEL PREDICATORE. SERENTHÀ M. PRESENZA DEL REGNO. TEMPO ORDINARIO. | ||
| 650 | _aECCLESIOLOGIA | ||
| 942 | _cCR | ||
| 957 | _71 | ||
| 999 |
_a68214 _bNO _g1 _c334253 _d334253 |
||